000 00903nam a2200265 4500
001 000011524
003 DO-SdBNP
005 20250225111532.0
008 091019s1978 fr c 001 0bspa d
020 _a9233014614
040 _aDO-SdBNP
_bspa
_cBNPHU
041 1 7 _aspa
_heng
_2Código de idioma MARC
049 _aBNGR
082 4 _a925.74
_bH986B
100 1 _aBaker, J. R.
_q(John Randal Baker),
_d1900-1984
_927257
245 1 0 _aJulian Huxley :
_bhombre de ciencia y ciudadano del mundo, 1887-1975 /
_cJ. R. Baker.
260 _aParís, Francia :
_bUNESCO,
_c1978.
300 _a184 P. :
_bil. ;
_c22 cm.
500 _aIncluye notas al pie de las páginas.
600 1 0 _aHuxley, Julian Sorell
_d1887-1975
_927258
650 0 _aBiólogos
_zInglaterra
_927259
_vBiografías
700 1 _aGreen, Jens Peter,
_ecomp.
_927260
910 _aCatalogación Original
942 _2ddc
_cLBS1
999 _c11220
_d11220